zpět

Detail výsledku týmu

Pivnice Zahrada, Ostrava

Datum a čas kvízu

38.5 Celkem bodů Celkový počet nahraných bodů na tomto kvízu bez doplňovacích otázek.
2. Pořadí na kvízu Konečné umístění týmu na tomto kvízu.

Zaznamenané odpovědi

# Otázka Odpověď Body Výsledky
1. Generálním ředitelem Úřadu prá... (Roman) Chlopčík 1
2. Vskutku kuriózním způsobem vyp... D 1
3. Napište jméno skotského herce... Iain Glen; Hra o trůny 0.5
4. V pondělí byl vládou zrušen od... NERV (Národní ekonomická rada vlády) 1
5. Fanoušek Manchesteru United, F... C) ostříhat si vlasy 1
6. Hned v úvodu bod rozdělíme: za... Ulánbátar; Altaj 0.5
7. Z následujících možností vyber... A 1
8. Jak se jmenuje hudební skupina... The Hu 1
9. Tato obydlí se v Mongolsku ozn... jurta 1
10. Do Mongolska zasadila děj svéh... babičce 0